<?xml version="1.0" encoding="UTF-8"?>
<record
    xmlns:xsi="http://www.w3.org/2001/XMLSchema-instance"
    xsi:schemaLocation="http://www.loc.gov/MARC21/slim http://www.loc.gov/standards/marcxml/schema/MARC21slim.xsd"
    xmlns="http://www.loc.gov/MARC21/slim">

  <leader>00713cam a2200253   4500</leader>
  <controlfield tag="001">46146</controlfield>
  <datafield tag="010" ind1=" " ind2=" ">
    <subfield code="a">9726101441</subfield>
  </datafield>
  <datafield tag="021" ind1=" " ind2=" ">
    <subfield code="b">130153/98</subfield>
  </datafield>
  <datafield tag="090" ind1=" " ind2=" ">
    <subfield code="a">46146</subfield>
  </datafield>
  <datafield tag="100" ind1=" " ind2=" ">
    <subfield code="a">20000915d1999    m  y0pory5003    ba</subfield>
  </datafield>
  <datafield tag="101" ind1="1" ind2=" ">
    <subfield code="a">por</subfield>
  </datafield>
  <datafield tag="102" ind1=" " ind2=" ">
    <subfield code="a">PT</subfield>
  </datafield>
  <datafield tag="200" ind1="1" ind2=" ">
    <subfield code="a">O livro negro do Capitalismo</subfield>
    <subfield code="f">[V&#xE1;rios, n&#xE3;o identificados]</subfield>
    <subfield code="g">trad. Ana Maria Duarte... [et al.]</subfield>
  </datafield>
  <datafield tag="205" ind1=" " ind2=" ">
    <subfield code="a">1.&#xAA; ed.</subfield>
  </datafield>
  <datafield tag="210" ind1=" " ind2="9">
    <subfield code="a">Porto</subfield>
    <subfield code="c">Campo das Letras,</subfield>
    <subfield code="d">1999</subfield>
  </datafield>
  <datafield tag="215" ind1=" " ind2=" ">
    <subfield code="a">622 p.</subfield>
    <subfield code="d">23 cm</subfield>
  </datafield>
  <datafield tag="225" ind1="2" ind2=" ">
    <subfield code="a">Campo da hist&#xF3;ria</subfield>
    <subfield code="v">8</subfield>
  </datafield>
  <datafield tag="304" ind1=" " ind2=" ">
    <subfield code="a">T&#xED;t. orig.: Le livre noir du capitalisme</subfield>
  </datafield>
  <datafield tag="606" ind1=" " ind2=" ">
    <subfield code="a">Capitalismo</subfield>
    <subfield code="x">Hist&#xF3;ria</subfield>
  </datafield>
  <datafield tag="675" ind1=" " ind2=" ">
    <subfield code="a">330.34(091)</subfield>
  </datafield>
  <datafield tag="675" ind1=" " ind2=" ">
    <subfield code="a">330.342(091)</subfield>
    <subfield code="v">BN</subfield>
    <subfield code="z">por</subfield>
  </datafield>
  <datafield tag="702" ind1=" " ind2="1">
    <subfield code="a">Duarte,</subfield>
    <subfield code="b">Ana Maria</subfield>
    <subfield code="4">730</subfield>
  </datafield>
  <datafield tag="801" ind1=" " ind2=" ">
    <subfield code="a">PT</subfield>
    <subfield code="g">RPC</subfield>
  </datafield>
  <datafield tag="990" ind1=" " ind2=" ">
    <subfield code="c">LIVROS</subfield>
  </datafield>
  <datafield tag="995" ind1=" " ind2=" ">
    <subfield code="1">0</subfield>
    <subfield code="9">78163</subfield>
    <subfield code="b">BMR</subfield>
    <subfield code="c">BMR</subfield>
    <subfield code="f">057242</subfield>
    <subfield code="k">330.34 LIV</subfield>
    <subfield code="o">0</subfield>
    <subfield code="r">LIVROS</subfield>
    <subfield code="u">Oferta de franklim Amaro cabreirinha</subfield>
  </datafield>
</record>
